000 00670nam a2200265Ia 4500
005 20250425161854.0
008 250425s9999 xx 000 0 und d
020 _a8480882670
041 _aspa
043 _asp
082 _a658.3
100 _aFERNANDEZ CAVEDA, ALBERTO
245 0 _aLA FUNCION DE LOS RECURSOS HUMANOS EN TIEMPOS DE CAMBIO
250 _a1A ED.
260 _aBARCELONA
260 _aEspaƱa
_bGESTION 2000
_c1998
300 _a192
650 _aDIRECCION
650 _aFUNCIONES
650 _aGESTION DE RECURSOS HUMANOS
650 _aRECURSOS HUMANOS-DESARROLLO
710 _aGESTION 2000 S.A.
942 _c01
010 _a33212
999 _c217851
_d217851